Statistiques concernant Films de James Cameron en images

Cliquez ici pour prendre le quiz!

Statistiques générales

  • Ce quiz a été pris 147 fois
  • Le résultat moyen est 4 sur 7

Statistiques - réponses

Réponse% Correct
Titanic
100%
Avatar
99%
Terminator
86%
Abyss
30%
Aliens, le retour
25%
True Lies
22%
Les Fantômes du Titanic
6%

Distribution des résultats

Percentile par nombre de réponses

% des personnes avec chaque résultat

Votre développement - résultats

Vous n’avez pas pris ce quiz